00650nam a2200229 a 4500001001300000003000900013005001700022008004100039020001200080082001500092100002400107245003600131260003000167300000800197500003500205505001700240650001800257902000800275942000700283952011500290999001500405nice12345678IN_TiNIC20260116011716.0050524s1972 leia grp 000 0 eng  ac174.200a297.4bABD aSalah, Abd Al Sabur aMurder in Baghdadb Arabic Play aLeidenbE. J. Brillc1972 a76p aincludes index and biblioraphy2 aBibliography aSufism-Hallaj bSRS cBK 001040708StackRoom-aHMIbHMId2007-07-31g174.20l0o297.4 ABDp07536r2007-07-31v174.20w2005-05-24yBK c3481d3481